00322nam a2200121Ia 4500008004100000082001500041100002000056245002700076260003200103365001100135630002700146730002700173100415s9999 xx 000 0 und d b10671a550 aSugden David E aGlaciers and Landscape aLONDONc1976bEDWARD ARNOLD b255.85 aGlaciers and Landscape aGlaciers and Landscape